00600 a2200181 450000100060000002000180000604000240002410000220004824000310007024500260010130000070012736200090013465000310014394200070017495201150018195201050029699900170040115157 a9788589059336 cAnchieta - Aquarius aKnittel, Débora10aMargarida bem-me-querlpor10aMargarida bem-me-quer a290 a2010 4aLiteratura infanto-juvenil cBK 00104070a87.1bCPLd2023-11-21l3o028.5 KNI MARp7256/AQUr2023-11-21 15:26:22s2023-11-21w2023-11-21yBK 00104070a91.4b91.4d2023-11-21l0o028.5 M327 MARp104/BELr2023-11-21 17:39:36w2023-11-21yBK c15157d15157